01434nam a22003494a 4500001001200000003000800012006001900020007001500039008004100054010001700095020002700112040002100139035002000160050002300180082001500203245014100218260007000359300002300429490005800452504005100510533015200561650001500713650002700728650002900755655002900784700002400813700002800837710001700865830005900882856012600941999001701067ebr10069897CaPaEBRm u cr cn|||||||||010614s2002 enka sb 001 0 eng  z 2001037642 z0521806852 (hardcover) aCaPaEBRcCaPaEBR a(OCoLC)5712343614aBF357b.I48 2002eb04a156/.322104aThe imitative mindh[electronic resource] :bdevelopment, evolution, and brain bases /cedited by Andrew N. Meltzoff and Wolfgang Prinz. aCambridge, U.K. ;aNew York :bCambridge University Press,c2002. aix, 353 p. :bill.1 aCambridge studies in cognitive perceptual development aIncludes bibliographical references and index. aElectronic reproduction.bPalo Alto, Calif. :cebrary,d2013.nAvailable via World Wide Web.nAccess may be limited to ebrary affiliated libraries. 0aImitation. 0aImitation in children. 0aPsychology, Comparative. 7aElectronic books.2local1 aMeltzoff, Andrew N.1 aPrinz, Wolfgang,d1942-2 aebrary, Inc. 0aCambridge studies in cognitive perceptual development.40uhttp://site.ebrary.com/lib/rucke/Doc?id=10069897zAn electronic book accessible through the World Wide Web; click to view c42545d42545